000 00679nam a2200265Ia 4500
005 20260302114507.0
008 008 260114s9999 xx 000 0 eng d
020 _a9781978726062
037 _aTextbook
040 _aCRL
040 _beng
040 _cCRL
041 _2eng
041 _aeng
084 _qCRL
100 _aTina Fernandes Botts
_91118698
245 0 _aPhilosophy and the Mixed Race Experience
260 _bBloomsbury
260 _bLexington Books
260 _c2016
650 _aPhilosophy
856 _uhttps://doi.org/10.5040/9781978726062?locatt=label:secondary_bloomsburyCollections
942 _cEBOOK
999 _c1682755
_d1682755